Advanced inorganic chemistry (Record no. 2836)

000 -LEADER
fixed length control field 00571nam a2200241u 4500
001 - CONTROL NUMBER
control field 2836
003 - CONTROL NUMBER IDENTIFIER
control field BD-DhUET
008 - FIXED-LENGTH DATA ELEMENTS--GENERAL INFORMATION
fixed length control field 890901s1965 ii 000 0 eng
020 ## - INTERNATIONAL STANDARD BOOK NUMBER
International Standard Book Number 8121902630
040 ## - CATALOGING SOURCE
Original cataloging agency DLC
Transcribing agency DLC
Modifying agency BD-DhUET
082 ## - DEWEY DECIMAL CLASSIFICATION NUMBER
Classification number 546
Item number PRA/2000
100 ## - MAIN ENTRY--PERSONAL NAME
Personal name Prakash, Satya
245 00 - TITLE STATEMENT
Title Advanced inorganic chemistry
250 ## - EDITION STATEMENT
Edition statement 1st ed.
260 ## - PUBLICATION, DISTRIBUTION, ETC. (IMPRINT)
Place of publication, distribution, etc. New York
Name of publisher, distributor, etc. S. Chand
Date of publication, distribution, etc. 2000
300 ## - PHYSICAL DESCRIPTION
Extent xvi, 1157p.
Other physical details ill.
500 ## - GENERAL NOTE
General note Vol. I
650 #0 - SUBJECT ADDED ENTRY--TOPICAL TERM
Topical term or geographic name as entry element Chemistry
700 ## - ADDED ENTRY--PERSONAL NAME
Personal name Tuli, G. D.
700 ## - ADDED ENTRY--PERSONAL NAME
Personal name Basu, S. K.
700 ## - ADDED ENTRY--PERSONAL NAME
Personal name Madan, R. D.
942 ## - ADDED ENTRY ELEMENTS (KOHA)
Koha item type General Book
Holdings
Koha full call number Source of classification or shelving scheme Withdrawn status Damaged status Koha item type Sublocation or collection (holding branch) Lost status Piece designation (barcode) Koha renewals Koha issues (times borrowed) Koha date last seen Koha date last borrowed Copy number Location (home branch) Not for loan Price effective from Shelving location Date acquired Koha normalized classification for sorting
546/PRA/2000   General BookCentral Library, BUET 96435252024-05-262024-04-271Central Library, BUET 2014-10-12Circulation section2014-10-12546_000000000000000_PRA_2000
546/PRA/2000   General BookCentral Library, BUET 964331122020-02-242020-02-232Central Library, BUET 2014-11-09Circulation section2014-11-09546PRA2000
546/PRA/2000   Reading ItemCentral Library, BUET 96431  2015-06-16 3Central Library, BUET 2015-06-16Reading section2015-06-16546_000000000000000_PRA_2000
546/PRA/2000   General BookCentral Library, BUET 96434 62019-09-012019-08-244Central Library, BUET 2015-12-28Circulation section2015-12-28546_000000000000000_PRA_2000